[Event "IRI-ch blitz"]
[Site "Lorestan"]
[Date "2019.11.14"]
[Round "11"]
[White "Farshadifar, Saman"]
[Black "Kashefi, Amir Hossein"]
[Result "0-1"]
[WhiteElo "1991"]
[BlackElo "2169"]
[PlyCount "126"]
[EventDate "2019.11.14"]
[EventType "swiss (blitz)"]
[EventRounds "11"]
[EventCountry "IRI"]
[SourceTitle "CBM 193 Extra"]
[Source "ChessBase"]
[SourceDate "2020.01.31"]
[SourceVersion "1"]
[SourceVersionDate "2020.01.31"]
[SourceQuality "1"]

1. d4 d5 2. c4 c6 3. Nc3 Nf6 4. Nf3 dxc4 5. a4 Bf5 6. e3 e6 7. Bxc4 Nbd7 8. 0-0 Bb4 9. Qe2 Ne4 10. Nxe4 Bxe4 11. b3 0-0 12. Bb2 a6 13. Rad1 Qe7 14. Bd3 Bg6 15. e4 Rfd8 16. e5 Nb6 17. Bxg6 hxg6 18. h4 Nd5 19. Ng5 Bc3 20. Rd3 Bxb2 21. Qxb2 Rd7 22. g3 Rad8 23. Ne4 Nb6 24. Rfd1 Rd5 25. Nc3 R5d7 26. a5 Nd5 27. Ne4 Qb4 28. Nc5 Re7 29. Qd2 Qxd2 30. R3xd2 Rb8 31. Na4 Kf8 32. Kf1 Ke8 33. Rc1 Kd8 34. Ke2 Kc7 35. Nc5 Rd8 36. f4 Ree8 37. Ne4 Rd7 38. Rc4 Red8 39. Kf3 Ne7 40. b4 Nf5 41. Kf2 Nxd4 42. Rb2 Nb5 43. g4 Rd4 44. Rxd4 Rxd4 45. Ke3 Rd7 46. h5 Na3 47. Rb3 Nc2+ 48. Kf2 gxh5 49. gxh5 Nd4 50. Rd3 Nf5 51. Rc3 Rd4 52. Kf3 Rxb4 53. Ng5 Nh6 54. Ra3 b6 55. axb6+ Kxb6 56. Ne4 a5 57. Nd6 a4 58. Ra1 c5 59. Ke3 Kc6 60. Rg1 Rd4 61. Rxg7 a3 62. Rh7 a2 63. Rxh6 a1Q 0-1